| Tag |
First Indicator |
Second Indicator |
Subfields |
| LEADER |
00000cam a2200000Ia 4500 |
| 001 |
in00001608821 |
| 005 |
20151023050730.0 |
| 008 |
820402s1972 gw 000 1 rus |
| 010 |
|
|
|a 74344384
|
| 035 |
|
|
|a (OCoLC)ocm08303046
|
| 040 |
|
|
|a DLC
|c IOG
|d TXA
|d UtOrBLW
|
| 049 |
|
|
|a TXAM
|
| 050 |
|
0 |
|a PG3489.R65
|b I3
|
| 100 |
1 |
|
|a Troit͡skiĭ, N. A.
|q (Nikolaĭ Aleksandrovich)
|
| 245 |
1 |
0 |
|a Idet chelovek :
|b novelly /
|c Nikolaĭ Troit︠s︡kiĭ.
|
| 264 |
|
1 |
|a Mi︠u︡nkhen :
|b [publisher not identified],
|c 1972.
|
| 300 |
|
|
|a 54 pages ;
|c 19 cm.
|
| 336 |
|
|
|a text
|b txt
|2 rdacontent
|
| 337 |
|
|
|a unmediated
|b n
|2 rdamedia
|
| 338 |
|
|
|a volume
|b nc
|2 rdacarrier
|
| 536 |
|
|
|a Donated through the generosity of Professor Frank Friedeberg Seeley August 2000.
|
| 994 |
|
|
|a E0
|b TXA
|
| 948 |
|
|
|a cataloged
|b h
|c 2001/4/5
|d c
|e spoltoratski
|f 3:49:31 pm
|
| 999 |
|
|
|a MARS
|
| 999 |
f |
f |
|s 5e544bcb-c0e1-3857-91e6-1fde82f110f7
|i 605b9efe-65c7-38f3-ba01-0d9189f1b416
|t 0
|
| 952 |
f |
f |
|p ric
|a Texas A&M University
|b Rellis Campus
|c Joint Library Facility
|d Remote Storage
|t 0
|e PG3489.R65 I3
|h Library of Congress classification
|i unmediated -- volume
|m A14827450972
|
| 998 |
f |
f |
|a PG3489.R65 I3
|t 0
|l Remote Storage
|